| 000 | 003960000a22001690004500 | ||
|---|---|---|---|
| 005 | 20120302055813.0 | ||
| 942 | _cBOOK | ||
| 245 | _a Niwadak Moropant | ||
| 260 | _aDadar:Kaalnirnaya Saanskrutika Prakaashan,1994. | ||
| 300 | _a78p. | ||
| 040 | _aMAR | ||
| 365 | _b5/- | ||
| 650 | _aMaraathi Saahitya | ||
| 650 | _aKaavya-Moropant | ||
| 650 | _aKekaawalee-Aaryaa | ||
| 650 | _aSputha Kaavya | ||
| 999 |
_c349422 _d349419 |
||